| 000 | 01061cam a2200241 i 4500 | ||
|---|---|---|---|
| 999 |
_c11330 _d11330 |
||
| 003 | OSt | ||
| 005 | 20230309123641.0 | ||
| 008 | 170921s2018 cau b 001 0 eng | ||
| 020 | _a9789353287351 | ||
| 082 | 0 | 0 |
_a300.72/1 _223 _bJOH |
| 100 | 1 |
_aCreswell, John W., _eauthor. |
|
| 245 | 1 | 0 |
_aResearch design : _bqualitative, quantitative, and mixed methods approaches / _cJohn W. Creswell, Department of Family Medicine, University of Michigan, J. David Creswell, Department of Psychology, Carnegie Mellon University. |
| 250 | _afourth edition. | ||
| 260 |
_aLondon _bSage publication _c2014 |
||
| 300 |
_axxi, 190 pages ; _c25 cm |
||
| 504 | _aIncludes bibliographical references and indexes. | ||
| 650 | 0 |
_aSocial sciences _xResearch _xMethodology. |
|
| 650 | 0 |
_aSocial sciences _xStatistical methods. |
|
| 700 | 1 |
_aCreswell, J. David, _eauthor. |
|
| 906 |
_a7 _bcbc _corignew _d1 _eecip _f20 _gy-gencatlg |
||
| 942 | _2ddc | ||